Statystyki dla TOP 10 piosenek - Paluch

Kliknij tutaj aby rozwiązać quiz!

Ogólne statystyki

  • Ten quiz został rozwiązany 180 razy
    (121 od ostatniego zresetowania)
  • Średni wynik to 5 z 10

Statystyki odpowiedzi

#viewsutwór% Poprawnych
2104 mlnSZAMAN
95%
1109 mlnBez Strachu
85%
398 mlnGdybyś kiedyś
75%
455 mlnKontrola Jakości
61%
937 mlnOKO
52%
747 mlnCARDIO
44%
652 mlnBalans
43%
554 mlnDYM
35%
842 mlnOPARY
21%
1034 mlnRestart
5%

Rozkład punktacji

Percentyl według liczby udzielonych odpowiedzi

Procent ludzi z każdym wynikiem

Twoja historia wyników

Nie rozwiązałeś tego quizu od ostatniego zresetowania